Statistics for Top 10 Greatest NFL Running-backs of all time

Click here to take the quiz!

General Stats

  • This quiz has been taken 647 times
  • The average score is 7 of 10

Answer Stats

#Answer% Correct
2Barry Sanders
92%
4Emmitt Smith
91%
1Jim Brown
85%
3Walter Payton
84%
7Adrian Peterson
71%
8Eric Dickerson
66%
5LaDainian Tomlinson
66%
6Marshall Faulk
56%
9O.J. Simpson
50%
10Earl Campbell
38%

Score Distribution

Percentile by Number Answered

Percent of People with Each Score

Your Score History

You have not taken this quiz